000 00313nam a22001337a 4500
082 _a823
_bCAR/N
100 _aCARRE, JOHN LEE
245 _aTHE NIGHTMANAGER
246 _aTHE NIGHTMANAGER
_bTHE NIGHTMANAGER
260 _aLONDON
_bHODDER& STOUGHTON
_c1993
300 _a443
650 _aENGLISH STORY
942 _cBK
999 _c9193
_d9193